|
|
|
|
| LEADER |
00000nam0a2200000 4500 |
| 001 |
93493 |
| 005 |
20231101213906.0 |
| 020 |
|
|
|a RU
|b 80-38208
|
| 035 |
|
|
|a (RuTPU)RU\TPU\book\100104
|
| 090 |
|
|
|a 93493
|
| 100 |
|
|
|a 20060329d1980 k a0rusy5003 ca
|
| 101 |
0 |
|
|a rus
|
| 102 |
|
|
|a RU
|
| 105 |
|
|
|a y z 001zy
|
| 200 |
1 |
|
|a Энергетические балансы и планирование энергоресурсов на промышленных предприятиях
|e материалы семинара
|f Московский Дом научно-технической пропаганды; науч. рук. А. А. Тайц
|
| 210 |
|
|
|a Москва
|c МДНТП
|d 1980
|
| 215 |
|
|
|a 140 с.
|c ил.
|d 19 см.
|
| 610 |
1 |
|
|a энергетические ресурсы
|
| 610 |
1 |
|
|a промышленные предприятия
|
| 610 |
1 |
|
|a энергоресурсы
|
| 610 |
1 |
|
|a энергетические балансы
|
| 610 |
1 |
|
|a планирование
|
| 675 |
|
|
|a 662.99(063)
|z rus
|
| 702 |
|
1 |
|a Тайц
|b А. А.
|4 727
|
| 712 |
0 |
2 |
|a Московский Дом научно-технической пропаганды
|2 stltpush
|3 (RuTPU)RU\TPU\col\7885
|9 24405
|
| 801 |
|
0 |
|a RU
|b RuMRKP
|c 19950704
|g psbo
|
| 801 |
|
1 |
|a RU
|b 63413507
|c 20060329
|g PSBO
|
| 801 |
|
2 |
|a RU
|b 63413507
|c 20061023
|g PSBO
|
| 942 |
|
|
|c BK
|